|
|
|
|
| LEADER |
00000nab a2200000 a 4500 |
| 001 |
vtls009487113 |
| 003 |
SK-MaSNL |
| 005 |
20260304153009.0 |
| 008 |
250506c2009 xo qr|p|||||||000 b|slo |
| 015 |
|
|
|a SNBRB2009/03
|2 snkbucl
|
| 035 |
|
|
|a (uuid)2d190a82-df09-45cb-87fc-91624952c9fa
|
| 035 |
|
|
|a urn:nbn:sk:snk-abdrnj
|
| 035 |
|
|
|a (urnnbn)urn:nbn:sk:snk:ar-0013jo
|
| 038 |
|
|
|a SNKBUCL
|
| 040 |
|
|
|a SNKBUCL
|b slo
|c SNKBUCL
|e AACR2
|
| 041 |
0 |
|
|a slo
|
| 044 |
|
|
|a xo
|c SK
|
| 080 |
|
|
|a 792.079:792.7
|2 2001
|
| 080 |
|
|
|a 792.7
|2 2001
|
| 100 |
1 |
|
|a Štofčíková, Eva
|4 aut
|9 305160
|
| 245 |
1 |
0 |
|a Pätnásť rokov PANtomímy
|c Eva Štofčíková, Emília Šavelová
|
| 300 |
|
|
|b Fotogr.
|
| 611 |
2 |
7 |
|a PAN
|n (15. :
|d 2008 :
|c Liptovský Mikuláš, Slovensko)
|2 snkbucl
|9 1235322
|
| 650 |
0 |
7 |
|a pantomíma
|2 snkbucl
|9 3336
|
| 650 |
0 |
7 |
|a neverbálne divadlo
|2 snkbucl
|9 1230807
|
| 650 |
0 |
7 |
|a pohybové divadlo
|2 snkbucl
|9 15985
|
| 651 |
|
7 |
|a Liptovský Mikuláš (Slovensko)
|2 snkbucl
|9 36847
|
| 700 |
1 |
|
|a Šavelová, Emília
|4 aut
|9 1204084
|
| 773 |
0 |
|
|t Javisko
|g Roč. 41, č. 1 (2009), s. 36
|x 0323-2883
|
| 850 |
|
|
|a Slovenská národná knižnica
|
| 852 |
|
|
|a Slovenská národná knižnica
|
| 954 |
|
|
|a odborná, vedecká literatúra pôvodná (slovenská)
|2 lita
|
| 958 |
|
|
|a article19
|
| 958 |
|
|
|a OND
|
| 958 |
|
|
|a SK
|
| 958 |
|
|
|a EUIPO
|
| 999 |
|
|
|c 2952022
|d 2953952
|